|
|
|
|
| LEADER |
01455nam a2200289 a 4500 |
| 001 |
9349 |
| 003 |
BD-DhAAL |
| 008 |
090707s1983 enk b 001 0 eng d |
| 999 |
|
|
|c 2131
|d 2131
|
| 040 |
|
|
|a BD-DhAAL
|
| 082 |
0 |
0 |
|a 820.912
|2 21
|
| 245 |
1 |
4 |
|a The new Pelican guide to English literature
|n Vol.7,
|p From James to Eliot /
|c edited by Boris Ford.
|
| 250 |
|
|
|a Revised and expanded edition
|
| 260 |
|
|
|a Harmondsworth, Middlesex :
|b Penguin,
|c 1983.
|
| 300 |
|
|
|a 602 pages ;
|c 20 cm.
|
| 490 |
1 |
|
|a Pelican guide to English literature ;
|v v. 7
|
| 504 |
|
|
|a Includes bibliographical references and index.
|
| 541 |
1 |
|
|e 9349, 12052, 12053
|
| 650 |
|
0 |
|a English literature
|y 19th century
|x History and criticism.
|9 41333
|
| 650 |
|
0 |
|a English literature
|y 20th century
|x History and criticism.
|9 41334
|
| 700 |
1 |
|
|a Ford, Boris ,
|d 1917-
|9 41335
|
| 830 |
|
0 |
|v v. 7
|9 41336
|
| 852 |
4 |
|
|a Ayesha Abed Library
|j General Stacks
|
| 942 |
|
|
|2 ddc
|c BK
|
| 952 |
|
|
|0 0
|1 0
|2 ddc
|4 0
|6 820_912000000000000_NEW_1983
|7 0
|9 1962
|a BRACUL
|b BRACUL
|c GEN
|d 2009-07-07
|g 0.00
|l 0
|o 820.912 NEW
|p 3010009349
|r 2009-07-07
|t 1
|w 2009-07-07
|y BK
|x No price found in the accession register.
|
| 952 |
|
|
|0 0
|1 0
|2 ddc
|4 1
|6 820_912000000000000_NEW
|7 0
|9 8740
|a BRACUL
|b BRACUL
|c SPS
|d 2010-03-23
|g 175.00
|l 0
|o 820.912 NEW
|p 3010012053
|r 2010-03-23
|t 2
|w 2010-03-23
|y BK
|
| 952 |
|
|
|0 0
|1 0
|2 ddc
|4 1
|6 820_912000000000000_NEW
|7 0
|9 14644
|a BRACUL
|b BRACUL
|c SPS
|d 2011-03-14
|g 175.00
|l 0
|o 820.912 NEW
|p 3010012052
|r 2011-03-14
|t 3
|w 2011-03-14
|y BK
|